Powiaty wielkopolskiego - Statystyki

Ogólne statystyki
  • Ten quiz został rozwiązany 54 razy
  • Średni wynik to 5 z 30
Odpowiedzi na mapie
Odpowiedzi zakodowano w zielono-czerwonej skali na mapie do tego quizu, zgodnie z poniższymi procentami.
 
Statystyki odpowiedzi
Odpowiedź % Poprawnych
gostyński
43%
czarnkowsko-trzcianecki
40%
gnieźnieński
38%
chodzieski
36%
grodziski
29%
wrzesiński
19%
pleszewski
17%
poznański
17%
złotowski
17%
koniński
14%
śremski
14%
szamotulski
14%
wągrowiecki
14%
wolsztyński
14%
kolski
12%
obornicki
12%
turecki
12%
Jarociński
10%
ostrzeszowski
10%
rawicki
10%
słupecki
10%
średzki
10%
jarociński
kaliski
7%
kępiński
7%
krotoszyński
7%
leszczyński
7%
międzychodzki
7%
ostrowski
7%
pilski
7%
kościański
5%
Nie znaleziono quizów pasujących do podanych kryteriów
Rozkład punktacji
Procent ludzi z każdym wynikiem
Percentyl według liczby udzielonych odpowiedzi
Twoja historia wyników
Nie rozwiązałeś tego quizu